El rey necio (Record no. 7825)

MARC details
000 -LEADER
campo de control de longitud fija 00367nam a2200145Ia 4500
001 - NÚMERO DE CONTROL
campo de control 2352
008 - DATOS DE LONGITUD FIJA--INFORMACIÓN GENERAL
campo de control de longitud fija 241024s9999 xx 000 0 und d
020 ## - NÚMERO INTERNACIONAL ESTÁNDAR DEL LIBRO
Número Internacional Estándar del Libro 978-9945-475-35-7
082 ## - NÚMERO DE LA CLASIFICACIÓN DECIMAL DEWEY
Número de clasificación RD/863.44/C198r
100 ## - ENTRADA PRINCIPAL--NOMBRE DE PERSONA
Nombre de persona Koldo Campos Sagaseta de Ilúrdoz
245 #0 - MENCIÓN DEL TÍTULO
Título El rey necio
260 ## - PUBLICACIÓN, DISTRIBUCIÓN, ETC.
Nombre del editor, distribuidor, etc. Editora Nacional
Fecha de publicación, distribución, etc. 2012
901 ## - ELEMENTOS DE DATOS A LOCAL LDA (RLIN)
a 10/8/2012 4:09:23 p.m.

No items available.

© 2024. Todos los Derechos Reservados. Desarrollado por IDEICE